Quizzes
Events
Quiz Creation
Community
Videos
Private Events
Remove Ads
Sign In
Join for FREE
Feedback
Dark Mode
Quiz Categories
Sports
Geography
Music
Movies
Television
Just For Fun
Miscellaneous
History
Literature
Language
Science
Gaming
Entertainment
Religion
Holiday
For Kids
Quiz Lab
Recent
Popular Today
Quiz Kudos Today
Editor Picks
Curator Picks
Quizzes by...
Day
Popularity
Type
Ratings
Length
Year
Community
Subscriptions
Recent Discussions
Orange Saloon
Badges
Playlists
Quests
Create
Leaderboards
Showdown
Live 5
Trivia Bingo
Activity
Puzzle Library
Sporcle Events
Private Events
Virtual Trivia
Globe League
Become a Host
Pub Owners
SporcleCon
Opinionation
Our Games
Videos
Blog
Mobile Apps
Partnerships
Remove Ads and Go Orange
Feedback
Movies
Disney
Marvel Cinematic Universe
Movie Resume
Movie Titles
Oscar
Actor
Actress
Director
Pixar
Role
Movie Quotes
Movie Characters
Box Office
Nominee
Best Picture
Star Wars
James Bond
Horror Movies
Movies
Disney
Marvel Cinematic Universe
Movie Resume
Movie Titles
Oscar
Actor
Actress
Director
Pixar
Role
Movie Quotes
Movie Characters
Box Office
Nominee
Best Picture
Star Wars
James Bond
Horror Movies
Random Quiz
Search Sporcle
×
Quiz Lab
Quiz Lab
Movies
Oscar
Type in answers that appear in a list
Type in answers that appear in a list
Classic
Best Score? Go Orange.
German Movie Titles - Best Picture Edition Stats
Can you name the Oscar Best Picture Winning Movies by their German title?
By
Mayan
7m
20 Questions
113 Plays
113 Plays
113 Plays
Comments
Comments
Give Quiz Kudos
Give Quiz Kudos
-
- Ratings
hide this ad
More Info
Replay
Link that replays current quiz
Next Quiz
Link to next quiz in quiz playlist
You Got
0%
They Got
Avg Score
32%
Avg Friend Score
Upgrade to see
Score Distribution
Jump to the score distribution portion of the page
Score
0/20
Timer
07:00
0
Plays Today
German Title
Original Title
% Correct
Miss Daisy und ihr Chauffeur
Driving Miss Daisy
93.8%
Asphalt-
Cowboy
Midnight Cowboy
57.5%
Menschen im Hotel
Grand Hotel
41.6%
Erbarmungslos
Unforgiven
40.7%
Eine ganz normale Familie
Ordinary People
39.8%
Der Stadtneurotiker
Annie Hall
39.8%
Unter Feinden*
The Departed
36.3%
Tödliches Kommando*
The Hurt Locker
32.7%
Die Stunde des Siegers
Chariots of Fire
31%
Meine Lieder -
meine Träume
The Sound of Music
31%
German Title
Original Title
% Correct
Rebell in Uniform*
Patton
29.2%
Brennpunkt Brooklyn*
The French Connection
27.4%
Die durch die Hölle gehen
The Deer Hunter
26.5%
Der Clou
The Sting
24.8%
Der Mann, der herrschen wollte
All the King's Men
21.2%
Die Faust im Nacken
On the Waterfront
18.6%
Schlagende Wetter
How Green Was My Valley
17.7%
Der Weg zum Glück
Going My Way
15.9%
Zwischen Bett und Galgen*
Tom Jones
15%
Tabu der Gerechten
Gentleman's Agreement
14.2%
Quiz Playlist
Details
Report
Send in Message
Add To Playlist
More Info:
* marks subtitles used in addition to the original title. Sorted by year, newest first.
Classic:
Type in answers that appear in a list
Quiz Source
Last Updated: Feb 16, 2017
Quiz Scoreboard
CHALLENGE
Sign Up to Join the Scoreboard
Show All
Scores
Hide
Comments
May contain spoilers
Recently Published
Movies - When Are They Set?
by FPL_Elf
Movies
5m
Popular People in 1961
by mucciniale
History
6m
1-10 Letter E Words III
by El_Dandy
Language
2m
More to Explore
Quiz From the Vault
Featured Blog Post
Where Did the Easter Bunny Come From?
hide this ad
You Might Also Like...
Tags
German Quiz
Oscar Quiz
Translation Quiz
Today's Top Quizzes in Movies
Browse Movies
hide this ad
Today's Top Quizzes in Oscar
Browse Oscar
Top Contributed Quizzes in Movies
1
Multi-Oscar Nominations, One Movie, One Winner
2
12 Movies about Fictional 1960s Events
3
One Thing in Common: Movies
4
One Thing in Common: Movies II
5
Sunday Crossword: Film Score Composers
6
Three Word 'T' Movies Match Up
7
Three Word 'H' Movies Match Up
8
Three Word 'M' Movies Match Up
9
One Thing in Common: Oscars
10
Three Word 'P' Movies Match Up
Explore More
Trending Topics
NBA
Harry Potter
Disney
Crossword
Anime
Kpop
Marvel
Country
NFL
Pokémon
Song
WWE
Puzzle
Soccer
The Office
hide this ad
More By:
Mayan
Quiz
Plays
Rating
Category
Featured
Created
Civilization V World Wonders
13,187
4.48
Gaming
Oct 5, 2010
Star Trek TNG Fill-in-the-Blank
2,565
4.59
Television
Jul 13, 2011
Country Names in German
1,987
4.22
Geography
Jan 22, 2010
Star Trek Voyager Fill-in-the-Blank
1,460
5.00
Television
Aug 22, 2011
Babylon 5 main characters by quote
1,283
4.83
Television
Jan 1, 2010
Go to Creator's Profile
Score Distribution
Quiz Creator Spotlight
Mayan
Follow
Send a Message
Quizzes Created
-
Created Quiz Play Count
-
More By This Creator
Popular Quizzes Today
1
Find the US States - No Outlines Minefield
2
Find the Countries of Europe - No Outlines Minefield
3
The Countries of the World
4
Popular People in 1961
5
1-10 Letter E Words III
6
US States
7
Find the US States
8
One Thing in Common: World Cities II
More Movies Quizzes
5x2 Blitz: Director
Quiz Lab
Trending Quizzes
Risky Map Clicking: Least Populous States A-Z
1-10 Letter F Words
Humor Books: The Subtitles
1-10 Letter G Words
One Thing in Common: United Kingdom
Recently Updated
Leaping Animals
pecheneg
Reality TV Shows (A-Z)
bhenderson79
Rickey Henderson's Hall of Fame Teammates
pecheneg
Champions League XIs: Arsenal
pecheneg
Quick Pick: Celebrities in WWE's Hall of Fame
aduchscher
A-Z Keypad Blitz II
pecheneg
Multiple Oscar Actors
pecheneg
Mystery Phrase Blitz: Oscar 'Best Actors'
pecheneg
F. Scott Fitzgerald Novels
LTH
Pick 3 Villains
ddd62291
Trending Topics
Disney
Kpop
NBA
Harry Potter
Crossword
Anime
Marvel
Soccer
NFL
Puzzle
Country
Pokémon
Song
WWE
The Office
Your Account Isn't Verified!
In order to create a playlist on Sporcle, you need to verify the email address you used during registration. Go to your
Sporcle Settings
to finish the process.
Report this User
Report this user for behavior that violates our
Community Guidelines
.
Details:
Send Report
Go to the Sporcle.com Mobile Site →
Comments